Villes du Vaucluse en images - Statistiques

Statistiques générales
  • Ce quiz a été pris 201 fois
  • Le résultat moyen est 10 sur 18
Statistiques - réponses
Par images Hint Réponse % Correct
A Avignon
99%
O Orange
97%
C Carpentras
84%
(L) I L'Isle-sur-la-Sorgue
83%
C Cavaillon
73%
G Gordes
70%
P Pertuis
58%
A Apt
55%
S Sorgues
52%
M Monteux
45%
R Roussillon
45%
V Vaison-la-Romaine
45%
B Bollène
43%
(L) T Le Thor
39%
V Valréas
31%
V Vedène
19%
C Courthézon
17%
L Lourmarin
16%
Aucun quiz correspondant
Distribution des résultats
% des personnes avec chaque résultat
Percentile par nombre de réponses
Votre historique - résultats
Vous n’avez pas pris ce quiz